Man into wolf: (Record no. 11333)
[ view plain ]
| 000 -LEADER | |
|---|---|
| fixed length control field | 00986cam a2200289 4500 |
| 001 - CONTROL NUMBER | |
| control field | 11333 |
| 003 - CONTROL NUMBER IDENTIFIER | |
| rucl marc code | BD-RjUL |
| 005 - DATE AND TIME OF LATEST TRANSACTION | |
| control field | 20211208235116.0 |
| 008 - FIXED-LENGTH DATA ELEMENTS--GENERAL INFORMATION | |
| fixed length control field | 140126s1951 e b 001 0 eng d |
| 020 ## - INTERNATIONAL STANDARD BOOK NUMBER | |
| International Standard Book Number | 083712090X |
| 035 ## - SYSTEM CONTROL NUMBER | |
| System control number | (BD-RjUL)11382 |
| 040 ## - CATALOGING SOURCE | |
| Original cataloging agency | DLC |
| Transcribing agency | DLC |
| Modifying agency | DLC |
| -- | BD-RjUL |
| Language of cataloging | eng |
| 041 ## - LANGUAGE CODE | |
| Language code of text/sound track or separate title | eng |
| 082 00 - DEWEY DECIMAL CLASSIFICATION NUMBER | |
| Classification number | 157.7 |
| Author mark and year | EIM 1951 |
| 100 1# - MAIN ENTRY--PERSONAL NAME | |
| Personal name | Eisler, Robert, |
| Dates associated with a name | 1882-1949. |
| 9 (RLIN) | 35042 |
| 245 10 - TITLE STATEMENT | |
| Title | Man into wolf: |
| Remainder of title | an anthropological interpretation of sadism, masochism, and lycanthropy; a lecture delivered at a meeting of the Royal Society of Medicine. |
| Statement of responsibility, etc. | With an introd. by David K. Henderson. |
| 260 ## - PUBLICATION, DISTRIBUTION, ETC. (IMPRINT) | |
| Place of publication, distribution, etc. | London: |
| Name of publisher, distributor, etc. | Broadway House, |
| Date of publication, distribution, etc. | 1951 |
| 300 ## - PHYSICAL DESCRIPTION | |
| Pagination | 286 p. ; |
| Size | 22 cm. |
| 504 ## - BIBLIOGRAPHY, ETC. NOTE | |
| Bibliography, etc | Bibliographical references included in "Notes" (p. 53-245) |
| 650 #0 - SUBJECT ADDED ENTRY--TOPICAL TERM | |
| Topical term or geographic name as entry element | Pain |
| General subdivision | Psychological aspects. |
| 9 (RLIN) | 35043 |
| Topical term or geographic name as entry element | Sadism. |
| 9 (RLIN) | 35044 |
| Topical term or geographic name as entry element | Masochism. |
| 9 (RLIN) | 35045 |
| Topical term or geographic name as entry element | Werewolves. |
| 9 (RLIN) | 35046 |
| 942 ## - ADDED ENTRY ELEMENTS (KOHA) | |
| Source of classification or shelving scheme | Dewey Decimal Classification |
| Koha item type | Books |
| Lost status | Source of classification or shelving scheme | Damaged status | Not for loan | Collection code | Permanent Location | Current Location | Shelving location | Date acquired | Source of acquisition | Cost, normal purchase price | Total Checkouts | Full call number | Date last seen | Copy number | Koha item type |
|---|---|---|---|---|---|---|---|---|---|---|---|---|---|---|---|
| Dewey Decimal Classification | Not For Loan | Non-fiction | Central Library, University of Rajshahi | Central Library, University of Rajshahi | Reading Room | 20/09/1955 | B.H.BLAKWELL | 1.15 | 157.7 EIM 1951 | 26/01/2014 | C-1 | Books |